000 00713nam a2200229Ia 4500
001 10349
003 GE_BSU
008 181216s||||||||xx |||||||||||||| ||und||
040 _cGE_BSU
080 _a821.353.1–32
100 _aუგულავა,ირაკლი
245 _aმოკვეთილი
245 _bმოთხრობა
245 _cრედ.თ.აბულაძე.მხატვ.რედ.კ.ფაჩულია
260 _aთბილისი
260 _bსაბჭოთა საქართველო
260 _c1976
300 _a180გვ.19სმ.
653 _aმოთხრობა
653 _aმოკვეთილი
942 _cBK
999 _c43614
_d43614